| 000 | 01334naa a22003017a 4500 | ||
|---|---|---|---|
| 001 | BR8805571 | ||
| 003 | BR-BrBNA | ||
| 005 | 20240918180309.0 | ||
| 007 | ta | ||
| 008 | 230509b bl.||||| |||| 00| 0 por d | ||
| 040 |
_aBR-BrBNA _bpor _cBiblioteca Nacional de Agricultura |
||
| 041 | _a(Pt) | ||
| 072 |
_aL01 _b5213 |
||
| 090 | _aL01 BR8805571 | ||
| 100 | 1 | _aNardon, R.F. | |
| 111 | 1 |
_a2. Simposio sobre Producao Animal _cNova Odessa, SP (Brazil) _d17-19 Jun 1986 |
|
| 245 | 1 | _aManejo de bovinos de corte visando abate precoce | |
| 246 | 1 | _a[Mannegement of beef cattle for early slaughtering] | |
| 246 | 1 | _a[Annals of the 2nd Conference on Animal Production] | |
| 260 | 3 |
_aCampinas, SP (Brasil): _c1986. |
|
| 500 | _aBufarah, G.; Nascimento, J. do; Moura, M.P. de; Freitas, M.A.R. de (eds.) Anais do 2. Simposio sobre Producao Animal Campinas, SP (Brasil): 1986. p. 29-41 (BR8805571-AM)L01 | ||
| 650 | _aGADO DE CORTE | ||
| 650 | _aMANEJO | ||
| 650 | _aABATE | ||
| 773 | 0 |
_tAnais do 2. Simposio sobre Producao Animal _aBufarah, G.; Nascimento, J. do; Moura, M.P. de; Freitas, M.A.R. de (eds.). Sociedade Brasileira de Zootecnia, Campinas, SP (Brasil);Instituto de Zootecnia, Campinas, SP (Brasil) _wL01 BR8805571 _gCampinas, SP (Brasil), 1986. p. 29-41 |
|
| 909 |
_a202404 _bLucia _c55 _dLucia Elande |
||
| 942 |
_cAM _2AGRIS |
||
| 999 |
_c319648 _d319648 |
||